| 000 | 00387nam a22001577a 4500 | ||
|---|---|---|---|
| 999 |
_c525072 _d525072 |
||
| 003 | NUST | ||
| 005 | 20190628054745.0 | ||
| 008 | 190628b ||||| |||| 00| 0 eng d | ||
| 038 | _aAzhar | ||
| 082 |
_a891.4391 _bMAH |
||
| 100 | _4Khawaja Tariq Mahmood | ||
| 245 |
_aGhalib _cKhawaja Tariq Mahmood |
||
| 260 |
_aIslamabad _bBazm e ilm o fun _c2004 |
||
| 300 | _a250p | ||
| 942 |
_2ddc _cBK |
||